00513nam a2200169Ia 4500008004100000020001500041041000800056082001600064100001100080245004000091250000600131260003800137300001200175650001200187999001900199952012500218210716s9999 xx 000 0 und d a8178811960 aeng a332.17 SEEK aICFAI. aSecurities markets and instruments. a1 aHyderabadbICFAI University Press avii,202 aFinance c202419d202419 001040708MBAaAIMITbAIMITd2008-03-03g400.00l0o332.17 SEEKpMBA04985r2026-05-23 00:00:00v400.00w2021-07-16yBK